| 000 | 00814cam a2200169 4500 | ||
|---|---|---|---|
| 008 | 000000n2000 000 0 eng u | ||
| 035 | _a(Sirsi) u107870 | ||
| 245 | _aPublic nuisance | ||
| 260 | _c2000 | ||
| 490 |
_aEstates Gazette _v[2000] EGCS 104 (12/08/00) |
||
| 520 | _a"Wandsworth London Borough Council v Railtrack plc", QBD 31 July 2000. Public nuisance - Abatement - Liability of landowner for activities of wild creatures - Railway bridge housing large colony of pigeons - Highway users seriously inconvenienced by droppings - Bridge owner allowing claimant council to carry out proofing work on underside of bridge - whether bridge owner liable for cost. HEADNOTE FROM JOURNAL. | ||
| 650 | _aPUBLIC NUISANCE | ||
| 650 | _aABATEMENT | ||
| 650 | _aPIGEONS | ||
| 690 | _aLAW-CASE LAW | ||
| 942 | _n0 | ||
| 999 |
_c64432 _d64432 |
||